| 000 | 00457nam a22001457a 4500 | ||
|---|---|---|---|
| 082 |
_aCP-19 _bSOH |
||
| 100 |
_aSohail Malik, Maj _948350 |
||
| 245 |
_aContract Management (CE-476), BE-Civil Engineering OD-78/CED-79 _cCourse Pack: Maj Sohail Malik |
||
| 250 | _aSpring Semester 2015 | ||
| 260 |
_aMCE _cSpring Semester 2015 |
||
| 300 | _bHard Binding Platic Cover | ||
| 526 |
_a0 _b0 _c0 _dCP_19 |
||
| 650 |
_aBE-Civil Engineering _950886 |
||
| 942 |
_2ddc _cBKB |
||
| 999 |
_c553622 _d553622 |
||